<?xml version="1.0" encoding="UTF-8"?>
<record
    xmlns:xsi="http://www.w3.org/2001/XMLSchema-instance"
    xsi:schemaLocation="http://www.loc.gov/MARC21/slim http://www.loc.gov/standards/marcxml/schema/MARC21slim.xsd"
    xmlns="http://www.loc.gov/MARC21/slim">

  <leader>00279nam a22001217a 4500</leader>
  <datafield tag="040" ind1=" " ind2=" ">
    <subfield code="c">SK</subfield>
  </datafield>
  <datafield tag="082" ind1=" " ind2=" ">
    <subfield code="a">299</subfield>
  </datafield>
  <datafield tag="100" ind1=" " ind2=" ">
    <subfield code="a">HUOT KONGHEANG</subfield>
  </datafield>
  <datafield tag="245" ind1=" " ind2=" ">
    <subfield code="a">Reservoir fisheries lecture note; &#x17A2;&#x17B6;&#x1784;&#x179F;&#x17D2;&#x178A;&#x17BB;&#x1780;&#x1787;&#x179B;&#x1795;&#x179B;</subfield>
  </datafield>
  <datafield tag="260" ind1=" " ind2=" ">
    <subfield code="a">RUA</subfield>
    <subfield code="b">HUO</subfield>
    <subfield code="c">NA</subfield>
  </datafield>
  <datafield tag="300" ind1=" " ind2=" ">
    <subfield code="a">46p.</subfield>
  </datafield>
  <datafield tag="942" ind1=" " ind2=" ">
    <subfield code="c">EK</subfield>
  </datafield>
  <datafield tag="999" ind1=" " ind2=" ">
    <subfield code="c">9039</subfield>
    <subfield code="d">9039</subfield>
  </datafield>
  <datafield tag="952" ind1=" " ind2=" ">
    <subfield code="0">0</subfield>
    <subfield code="1">0</subfield>
    <subfield code="4">0</subfield>
    <subfield code="6">299_000000000000000_HUO_NA_C042</subfield>
    <subfield code="7">0</subfield>
    <subfield code="9">50550</subfield>
    <subfield code="a">LBC</subfield>
    <subfield code="b">LBC</subfield>
    <subfield code="c">C042</subfield>
    <subfield code="d">2016-08-23</subfield>
    <subfield code="o">299 HUO NA C042</subfield>
    <subfield code="p">RUA42016</subfield>
    <subfield code="r">2016-08-23</subfield>
    <subfield code="y">EK</subfield>
  </datafield>
</record>
